000 00643cam a2200253 4500
008 090401t1994 xxu||||| |||| 00| 0 eng d
020 _a0851423302
035 _a(Sirsi) u70562
041 _aeng
050 _a025.1
100 _aCorral, Shelia
245 _aStrategic planning for library and information services.
260 _aLondon
_bASLIB
_c1994
300 _a50p. ; 23cm.
350 _a10
490 _aAslib Know How Guide
650 _aLIBRARIES
650 _aSTRATEGIC MANAGEMENT
650 _aSTRATEGIC PLANNING
700 _aWebb, Sylvia P.
_xEditor
710 _aAslib
_9760
942 _n0
948 _c04/03/1997
999 _c95341
_d95341